| 000 | 01114cam a2200361 a 4500 | ||
|---|---|---|---|
| 001 | 2859 | ||
| 003 | FISKH | ||
| 005 | 20260403160824.0 | ||
| 008 | 961127s1997 nyu c 000 1 eng | ||
| 010 | _a 96037897 | ||
| 020 | _a0060249137 | ||
| 020 | _a9780590037105 | ||
| 020 | _a0060249145 (lib. bdg.) | ||
| 040 |
_aDLC _cDLC _dDLC _beng |
||
| 042 | _alcac | ||
| 050 | 0 | 0 |
_aPZ7.S75663 _bWr 1997 |
| 082 | 0 | 0 |
_a[Fic] _221 |
| 100 | 1 | _aSpinelli, Jerry. | |
| 245 | 1 | 0 |
_aWringer / _cSpinelli. Jerry |
| 250 | _aFirst Scholastic printing, September 1998 | ||
| 260 |
_aNew York : _bScholastic, _c1997 |
||
| 300 |
_a228 pages : _c20 cm |
||
| 505 | _aR | ||
| 520 | _aAs Palmer comes of age, he must either accept the violence of being a wringer at his town's annual Pigeon Day or find the courage to oppose it. | ||
| 521 | 8 |
_a690
_bLexile |
|
| 521 | 8 |
_aR
_bRaz-Plus |
|
| 586 | _aNewbery Medal Honor Book, 1998. | ||
| 650 | 1 |
_aCourage _xFiction. |
|
| 650 | 1 |
_aViolence _xFiction. |
|
| 650 | 1 |
_aPigeons _xFiction. |
|
| 906 |
_a7 _bcbc _corignew _d1 _eocip _f19 _gy-gencatlg |
||
| 942 |
_2ddc _cBK _n0 |
||
| 999 |
_c2859 _d2859 |
||